000 00707nas a2200253 4500
001 BR8801429
003 BR-BrBNA
005 20231205091053.0
007 ta
008 230509b bl.|||p| |||| 00| 00por d
040 _aBR-BrBNA
_bpor
_cBiblioteca Nacional de Agricultura
041 _a(En)
072 _aQ02
100 1 _aColen, G.
100 1 _aNicoli, J.R.
100 1 _aVieira, E.C.
245 1 _aScreening of milk-clotting microorganisms
650 _aLEITE
650 _aCOAGULACAO
650 _aCOALHADA
773 0 _tRevista de Microbiologia (Brazil)
_xISSN 0001-3714
_g(Apr-Jun 1987), v. 18(2) p. 146-150
_wBR8801429
909 _a202311
_bLúcia
_c55
_dLúcia Elande
942 _2AGRIS
_n0
_cANA
999 _c122558
_d122558